| 000 | 00726nam a22002417a 4500 | ||
|---|---|---|---|
| 003 | UA-OsUOA | ||
| 001 | 64114 | ||
| 007 | ta | ||
| 008 | 20091029b un ||||| |||| 00| 0 ukr d | ||
| 100 | _aОгієнко І.І. | ||
| 090 |
_a281.9.(477) _bО-36 |
||
| 942 | _cBK | ||
| 040 |
_aUA-OsUOA _bukr _cUA-OsUOA _dUA-OsUOA |
||
| 245 |
_aУкраїнська церква _bНариси з історії української православної церкви |
||
| 300 | _a283 с. | ||
| 955 | _a4 | ||
| 041 | _aukr | ||
| 080 | _a281.9.(477) | ||
| 020 | _a5-319-01166-0 | ||
| 260 |
_aК. _bУкраїна _c1993 |
||
| 650 | 7 |
_a281.9 Східна православна церква і скопці _2UDC |
|
| 999 |
_c350396 _d350396 |
||